Missing Word: Computer Misconceptions Quiz Stats

 Plays Quiz not verified by Sporcle

Score 0/20 Timer 08:00
2 Plays Today
Misconception Missing Word % Correct
The internet is the same as the _____ wide web.world
97.2%
A computer should be turned ___ when not in use.off
97%
Cell ______ should not be used around gas stations.phones
96.7%
Some ________ browsers are safer than others.internet
95.9%
You must defragment your hard _____ to keep it running.drive
95.4%
Magnets can damage a CPU if they get too _____.close
95.1%
The internet was invented by __ Gore (or he claims as much).Al
95.1%
A ______ with more Megapixels takes better quality photos.camera
94.7%
Macs are immune to _______.malware
94.6%
Downloading simply means moving a ____.file
93.8%
Misconception Missing Word % Correct
Deleting a file ______ it from the hard drive.erases
93.4%
Internet _______ is an inferior browser.Explorer
93.3%
Opening an _____ from an unknown sender can give the computer a virus.e-mail
92.6%
Megabyte (MB) is the ____ as Megabit (Mb).same
92.4%
Phones interfere with ________ during takeoff.airplanes
92.4%
A CD drive should not be closed by ____, but instead with the close button.hand
91.4%
A laptop ______ should not be recharged until it reaches zero.battery
91.4%
Internet cookies are a type of malware and should be _______.deleted
91.2%
The ____ Screen of Death means the computer is ruined.Blue
88.3%
A device should not be left charging ________.overnight
81.4%

You're not logged in!

Compare scores with friends on all Sporcle quizzes.
OR
Log In

Show Comments

Extras

Top Quizzes Today


Score Distribution

Your Account Isn't Verified!

In order to create a playlist on Sporcle, you need to verify the email address you used during registration. Go to your Sporcle Settings to finish the process.

Report this User

Report this user for behavior that violates our Community Guidelines.

Details: